00980nam a22003137a 4500003000500000005001700005008004100022010001000063011001000073035001000083040000900093082001700102100002100119245005500140260002800195300001800223490002500241500002400266590004100290590004200331650001900373650001800392830003200410901000700442942001000449949006000459999001700519952013000536CHAP20220329135631.0971013s r 00010 d a39660 a40632 a44758 cCHAP a633.895bM6600aMoore, A.978052 aRubber-growing, elementary principles and practice a(s.l. :bs.e.),c(s.a.) a82 p.b: ilus aPlanting manualv; 7 aCopia fotográfica aBATCH-UPDb10c20130110lUCH01h1517 aCONVERSIONb10c20130109lUCH01h132214aCaucho.92053714aHevea.9550880 aPlanting manualv; 7989097 aBK cLIBRO a633.895 M66bBCcLIBROd-102543eLIBROh22889i44758si c39660d39660 00102ddc4052708GRALaBCbBCcPP_GRALd2019-12-31fLIBROl0o633.895 M66p-102543r2019-12-31 00:00:00w2019-12-31yLIBRO